Nález atypického keramického fragmentu z Nitry

Bibliographic Details
Main Author: Samuel, Marián (Author)
Other Authors: Nieburová, Berta, 1919-2006 (Translator)
Format: Article
Language:Slovak
Subjects:

MARC

LEADER 00000nab a2200000 a 4500
001 vtls000884216
003 SK-MaSNL
005 20260304132008.0
008 250429c2002 xo 0 slo
015 |a SNBRA2004/09-26410 
035 |a CLN000235682 
035 |a urn:nbn:sk:snk-abt8h 
035 |a (urnnbn)urn:nbn:sk:snk:ar-a03xrh 
035 |a (uuid)906a0c2c-14e5-4a01-b9fe-56d536108d1d 
040 |a SNKBUCL  |b slo  |c SNKBUCL  |e AACR2 
041 0 |a slo 
044 |a xo  |c SK 
080 |a 904(437.6):738"14":902  |2 1997 
080 |a 902.2(437.6)  |2 1997 
080 |a 738(437.6)"14":902  |2 1997 
100 1 |a Samuel, Marián  |4 aut  |9 179511 
245 1 0 |a Nález atypického keramického fragmentu z Nitry  |c Marián Samuel 
300 |b Obr. v 2. časti zborníka 
500 |a Res. prel. Berta Nieburová 
504 |a Res. nem. 
504 |a Bibliogr. odkaz 
650 0 7 |a keramika  |y stredovek vrcholný  |y stor. 15.  |z Nitra (Slovensko)  |2 snkbucl  |9 1446257 
650 0 7 |a opevnené sídliská  |z Nitra (Slovensko)  |y stredovek  |y 15. stor.  |2 snkbucl  |9 28245 
655 7 |a články zo zborníkov  |2 snkbucl  |9 166140 
700 1 |a Nieburová, Berta,  |d 1919-2006  |4 trl  |9 112145 
773 0 |t Archeologické výskumy a nálezy na Slovensku v roku 2001. 1., Textová časť  |d Nitra : Archeologický ústav Slovenskej akadémie vied, 2002  |g S. 177-178  |x 0231-925X  |z 8088709598 
850 |a Slovenská národná knižnica 
852 |a Slovenská národná knižnica 
954 |a odborná, vedecká literatúra pôvodná (slovenská)  |2 lita 
957 |a 403 
958 |a article27 
958 |a NB 
958 |a OND 
958 |a EUIPO 
999 |c 2898103  |d 2900033